Inventario de organizaciones que trabajan con la mujer en Centroamérica

محفوظ في:
التفاصيل البيبلوغرافية
مؤلف مشترك: Fundación Arias para la Paz y el Progreso Humano
التنسيق: نص
منشور في: San José: RUTA
الوسوم: إضافة وسم
لا توجد وسوم, كن أول من يضع وسما على هذه التسجيلة!

MARC

LEADER 00000 a a2200000 04500
001 23362
003
040
020 |a 9977-17-000  
090 |a 162500  
110 |a Fundación Arias para la Paz y el Progreso Humano  
245 |a Inventario de organizaciones que trabajan con la mujer en Centroamérica  
260 |a San José:   |b RUTA  
300 |a p. irreg.  
999 |c 15333  |d 15333